2024–25 Champions Leagues Clubs in ALL Featured Languages - Statistics

General Stats
  • This quiz has been taken 23 times
  • The average score is 45 of 91
Answer Stats
Answer % Correct
Barcelona
96%
Real Madrid
96%
Liverpool
91%
Arsenal
87%
Bayern Monaco
87%
Manchester City
87%
Atlético de Madrid
83%
Atlético Madrid
83%
Atlético Madryt
83%
Bayern Munich
83%
Borussia Dortmund
83%
Paris Saint-Germain
78%
AC Milan
74%
Barcelone
74%
Bayern München
74%
Inter
74%
Inter de Milán
74%
Inter de Milão
74%
Inter Mailand
74%
Inter Mediolan
74%
Inter Milaan
74%
Inter Milan
74%
Inter Milano
74%
Juventus
74%
Juventus de Turim
74%
Juventus de Turín
74%
Aston Villa
70%
Bayern de Múnich
70%
Bayern de Munique
70%
Bayern Monachium
70%
Benfica
70%
Bologna
70%
PSV Eindhoven
70%
Bayer Leverkusen
65%
Brest
65%
Girona
65%
Red Bull Salzburg
65%
AS Monaco
61%
AS Mónaco
61%
Celtic
61%
Lille OSC
61%
RB Leipzig
61%
Sporting CP
61%
VfB Stuttgart
61%
Atalanta
57%
Feyenoord Rotterdam
57%
Red Star Belgrade
57%
Barcellona
52%
Brugge
52%
Brügge
52%
Bologne
43%
Sparta Praag
43%
Sparta Prag
43%
Sparta Praga
43%
Sparta Prague
43%
Sparta Praha
43%
Dinamo Zagabria
39%
Dinamo Zagreb
39%
Dinamo Zagrzeb
39%
Shakhtar Donetsk
39%
Sturm Graz
39%
Crvena zvezda
35%
Slovan Bratislava
35%
Bruges
30%
RB Lipsk
30%
RB Lipsia
26%
Real Madryt
26%
Šah'tar Donetsk
26%
AC Mailand
22%
Bolonha
22%
BSC Young Boys
22%
Chakhtar Donetsk
22%
Lilla OSC
22%
Shajtar Donetsk
22%
Sjachtar Donetsk
22%
Estrella Roja de Belgrado
17%
Red Bull Salzbourg
17%
Brujas
13%
Red Bull Salisburgo
13%
VfB Stoccarda
13%
Estrela Vermelha de Belgrado
9%
Étoile rouge de Belgrade
9%
Red Bull Salzburgo
9%
Rode Ster Belgrado
9%
Roter Stern Belgrad
9%
Schachtar Donezk
9%
Slovan Bratysława
9%
Stella Rossa di Belgrado
9%
Szachtar Donieck
9%
Belgradin Punainen tähti
4%
Šachtar Donec'k
4%
No matching quizzes found
Score Distribution
Percent of People with Each Score
Percentile by Number Answered
Your Score History
You have not taken this quiz